1462 1601 1550 1329 1209 1480 1317 1477 1645 1107 1440 1586 1509 1445 1944 1911 1329 1424 1584 1900 1379 1906 1312 1926 1619 1215 1757 1689 1036 1491 1134 1385 1913 1343 1563 1289 1622 1639 1578 1892 1598 1255 1908 1619 1078 1924 1511 1676 1118 1921 1262 1625 1405 1818 1830 1180 1815 1781 1380 1666 1510 1671 1898 1446 1366 1698 1576 1512 1587 1965 1037 1844 1580 1574 1024 1418 1829 1557 1436 1742 1369 1431 1763 1927 1271 1767 1035 1160 1235 1575 1974 1795 1082 1528 1353 1321 1710 1667 1694 BCNSPRNW ULIB Ver.6.0+V

เปลี่ยนเป็นภาษาไทย

Change to English
 แสดงรายละเอียดบรรณานุกรม
  กลับหน้าหลัก

Brief Record : Get Marc (ISO 2709) : E-mail record : QR code < ปิดหน้าต่าง
LEADER : 00000nam 2200000uu 4500
001    13399128795
003     ULIB
008    240913s2565||||th 000 0 tha d
020    ^a9786168032183
060  0 ^aWJ302^bส578น
110 0  ^aสมาคมโรคไตแห่งประเทศไทย
245 00 ^aแนวทางการรักษาผู้ป่วยโรคไตเรื้อรังที่มีความผิดปกติของสมดุลแร่ธาตุ และกระดูก ปี2565/^cสมาคมโรคไตแห่งประเทศไทย
260    ^aกรุงเทพฯ:^bสมาคมโรคไตแห่งประเทศไทย,^c2565
650  0 ^aโรคไต
650  0 ^aโรคไต -- การดูแลรักษา
945    ^p200^l0^i010816
945    ^p200^l0^i010817
945    ^p200^l0^i010818
999    ^aประนอม เกษจรัล
รายการนี้ยังไม่มีแท็ก
คุณยังไม่ได้ล็อกอิน คุณสามารถมีกิจกรรมร่วมกับเว็บไซต์ได้ แต่ต้องล็อกอินก่อน ::
  ล็อกอิน

รายการสื่อสารสนเทศ

ลำดับที่ ประเภท เลขเรียก/บาร์โค้ด สถานที่ สถานะ
1. วิทยาศาสตร์การแพทย์ และสุขภาพ
วิทยาศาสตร์การแพทย์ และสุขภาพ
WJ302 ส578น ฉ.1 
  Barcode: 010816
ห้องสมุดวิทยาเขตสวรรค์ประชารักษ์
►หนังสือทั่วไป
บนชั้น
2. วิทยาศาสตร์การแพทย์ และสุขภาพ
วิทยาศาสตร์การแพทย์ และสุขภาพ
WJ302 ส578น ฉ.2 
  Barcode: 010817
ห้องสมุดวิทยาเขตสวรรค์ประชารักษ์
►หนังสือทั่วไป
บนชั้น
3. วิทยาศาสตร์การแพทย์ และสุขภาพ
วิทยาศาสตร์การแพทย์ และสุขภาพ
WJ302 ส578น ฉ.3 
  Barcode: 010818
ห้องสมุดวิทยาเขตสวรรค์ประชารักษ์
►หนังสือทั่วไป
บนชั้น

รายการใกล้เคียง
    หัวเรื่อง [โรคไต]
    หัวเรื่อง [โรคไต -- การดูแลรักษา]

BibComment


ยังไม่เคยถูกคอมเมนท์

คอมเมนท์ทรัพยากรรายการนี้
  คอมเมนท์: แนวทางการรักษาผู..


 Copyright 2026. Bcnsprnw @Library